<?xml version="1.0" encoding="UTF-8"?>
<collection xmlns="http://www.loc.gov/MARC21/slim">
  <record>
    <leader>00000nam  2200000   4500</leader>
    <controlfield tag="001">$a INLIS000000000008252</controlfield>
    <controlfield tag="005">$a 20260511021553</controlfield>
    <controlfield tag="008">$a 260511###########################0#ind##</controlfield>
    <datafield tag="022" ind1="#" ind2="#">
      <subfield code="a"/>
    </datafield>
    <datafield tag="035" ind1="#" ind2="#">
      <subfield code="a">0010-0526000025</subfield>
    </datafield>
    <datafield tag="082" ind1="#" ind2="#">
      <subfield code="a"/>
    </datafield>
    <datafield tag="084" ind1="#" ind2="#">
      <subfield code="a">651 SOE m</subfield>
    </datafield>
    <datafield tag="100" ind1=" " ind2="#">
      <subfield code="a">Soetrisno</subfield>
    </datafield>
    <datafield tag="245" ind1="#" ind2="#">
      <subfield code="a">Manajemen Perkantoran Moderen</subfield>
      <subfield code="b">Bahan Ajar Diklat Prajabatan Golongan I dan II</subfield>
      <subfield code="c">Soetrisno, Brisma Renaldi</subfield>
    </datafield>
    <datafield tag="246" ind1="#" ind2="#">
      <subfield code="a"/>
    </datafield>
    <datafield tag="260" ind1="#" ind2="#">
      <subfield code="a">Jakarta</subfield>
      <subfield code="b">Lembaga Administrasi Negara</subfield>
      <subfield code="c">2006</subfield>
    </datafield>
    <datafield tag="300" ind1="#" ind2="#">
      <subfield code="a">120 halaman,viii</subfield>
      <subfield code="b">-</subfield>
      <subfield code="c">21 cm</subfield>
      <subfield code="e"/>
    </datafield>
    <datafield tag="336" ind1="#" ind2="#">
      <subfield code="a"/>
    </datafield>
    <datafield tag="337" ind1="#" ind2="#">
      <subfield code="a"/>
    </datafield>
    <datafield tag="338" ind1="#" ind2="#">
      <subfield code="a"/>
    </datafield>
    <datafield tag="520" ind1=" " ind2="#">
      <subfield code="a"/>
    </datafield>
    <datafield tag="650" ind1=" " ind2="#">
      <subfield code="a">Administrasi Perkantoran Moderen</subfield>
    </datafield>
    <datafield tag="710" ind1=" " ind2="#">
      <subfield code="a">Brisma Renaldi</subfield>
    </datafield>
    <datafield tag="740" ind1="#" ind2="#">
      <subfield code="a"/>
    </datafield>
    <datafield tag="856" ind1="#" ind2="#">
      <subfield code="a">Perpustakaan kemendukbangga</subfield>
    </datafield>
    <controlfield tag="Wor">$a 1</controlfield>
  </record>
</collection>
